| 000 | 00673nam a2200217 i 4500 | ||
|---|---|---|---|
| 001 | 133340 | ||
| 003 | ES-MaACL | ||
| 005 | 20230906194358.0 | ||
| 007 | t| | ||
| 008 | 070214s1971 sp |||| | spa d | ||
| 080 | _a347.725 | ||
| 080 | _a332.63 | ||
| 100 | 1 |
_aRubner, Alex. _9100463 |
|
| 245 | 1 | 3 |
_aEl accionista en la trampa _b: los directivos y las sociedades anónimas modernas / _cAlex Rubner ; [traducción de Cecilio Sánchez Gil]. |
| 260 |
_aSalamanca : _bAnaya, _c1971. |
||
| 300 |
_a293 p. ; _c18 cm. |
||
| 650 | 0 | 4 |
_aSociedades anónimas. _917182 |
| 650 | 4 |
_aAcciones. _9135489 |
|
| 700 | 1 |
_aSánchez Gil, Cecilio. _9102671 |
|
| 852 |
_aES-MaACL _jC-44287 |
||
| 999 |
_c133340 _d133340 |
||